Репродуктивное здоровье как важнейшая качественная составляющая воспроизводства населения; Перспективы и риски развития человеческого потенциала в Сибири

Dettagli Bibliografici
Parent link:Перспективы и риски развития человеческого потенциала в Сибири.— 2014.— С. 192-226
Autore principale: Григорьев В. В.
Altri autori: Захаренков В. В.
Lingua:russo
Pubblicazione: 2014
Natura: MixedMaterials Capitolo di libro
KOHA link:https://koha.lib.tpu.ru/cgi-bin/koha/opac-detail.pl?biblionumber=281278

MARC

LEADER 00000naa2a2200000 4500
001 281278
005 20231031232736.0
035 |a (RuTPU)RU\TPU\book\304964 
035 |a RU\TPU\book\304760 
090 |a 281278 
100 |a 20150121d2014 k y0rusy50 ca 
101 0 |a rus 
102 |a RU 
200 1 |a Репродуктивное здоровье как важнейшая качественная составляющая воспроизводства населения  |f В. В. Григорьев, В. В. Захаренков 
320 |a Библиогр. в конце кн. 
463 0 |0 (RuTPU)RU\TPU\book\285835  |y 978-5-7692-1312-0  |y 978-5-7692-0669-6  |t Перспективы и риски развития человеческого потенциала в Сибири  |o монография  |f Российская академия наук (РАН), Сибирское отделение (СО), Институт экономики и организации промышленного производства (ИЭОПП) ; Российская академия наук (РАН), Сибирское отделение (СО), Институт археологии и этнографии (ИАЭТ) ; Российская академия наук (РАН), Сибирское отделение (СО), Институт географии им. В. Г. Сочавы (ИГ) ; Российская академия медицинских наук (РАМН), Сибирское отделение (СО), Научно-исследовательский институт комплексных проблем гигиены и профессиональных заболеваний (КПГПЗ) ; под ред. В. В. Кулешова  |v С. 192-226  |d 2014  |p 368 с.  |s Интеграционные проекты СО РАН ; Вып. 47 
700 1 |a Григорьев  |b В. В. 
701 1 |a Захаренков  |b В. В. 
801 1 |a RU  |b 63413507  |c 20150119 
801 2 |a RU  |b 63413507  |c 20150121  |g RCR 
942 |c BK